Statistics for Guess the Anime by Bad Descriptions

Click here to take the quiz!

General Stats

  • This quiz has been taken 72 times
  • The average score is 12 of 39

Answer Stats

DescriptionAnswer% Correct
Siblings look for Michael Jackson with hypersomniac and furryDemon Slayer
79%
Caped man just wants a challengeOne Punch Man
74%
Teen eats stranger's fingers or else he will dieJujutsu Kaisen
72%
Boy that never ages forces animals to fight for himPokemon
65%
Horny highschool casinoKakegurui
54%
A bunch of guys hitting ballsHaikyuu
53%
Piano kid meets cool girl and they are in a love squareYour Lie in April
51%
Bounty hunters never get the bountyCowboy Bebop
49%
Weak kid gets insane power buff and goes to school to trainMy Hero Academia
49%
Introverted siblings never lose at chessNo Game No Life
47%
Mixed kid makes coffeeTokyo Ghoul
44%
Little man becomes big man to fight big men that are also little menAttack On Titan
39%
Loud kid with sword joins group of failures to become the bestBlack Clover
37%
Ghost girl brings her old friends back togetherAnohana
33%
Girl falls in love with her bullyA Silent Voice
33%
Everyone diesAkame Ga Kill
30%
Biology class as an animeCells at Work!
30%
Private school students fight for superiority through testsClassroom of the Elite
30%
Lustful teen gains cool gauntlet and harem after almost dyingHighschool DxD
28%
Teen dates new girl or else there dads will fightNisekoi
28%
Battle of the brains and booksDeathnote
26%
Kid fights in a phone battle royale to become godFuture Diary
26%
Random highschoolers and nurse try to surviveHighschool of the Dead
25%
Food runs away to escape demonsPromised Neverland
25%
Teenage boy's preacher dies and goes to school taught by his younger brotherBlue Exorcist
23%
Half-naked chicks and sentient clothes fight the fashion industryKill La Kill
23%
Lonely boy wants to become president and gets help from perverted authorNaruto
21%
Teenage boy and alien join forces to fight other aliensParasyte
19%
Fatherless child goes insane after a cat stole his kiteHunter x Hunter
18%
Lonely boy meets disappearing superstar and deals with quantum physicsRascal Does Not Dream of a Bunny Girl Senpai
18%
Lonely man becomes dad because his boss said soSpy X Family
16%
Super extreme fight tournamentThe God of High School
16%
Boy's killer waits for him, but his girl doesn'tErased
14%
Dog saves homeless kid who is then forced to join a special teamChainsaw Man
11%
Student council members use terrorism to combat the horny policeShimoneta: A Boring World Where the Concept of Dirty Jokes Doesn't Exist
11%
New world ridicules man because of his weaponThe Rising of the Shield Hero
11%
God is looking for a weapon, but finds a girl insteadNoragami
7%
Legendary hero is down bad for the princessSeven Deadly Sins
5%
An almost mute girl becomes best friends with a big softieAharen-san wa Hakarenai
0%

Score Distribution

Percentile by Number Answered

Percent of People with Each Score

Your Score History

You have not taken this quiz